| 000 | 00395nam a2200133 a 4500 | ||
|---|---|---|---|
| 001 | 000039839 | ||
| 005 | 20201002033749.0 | ||
| 008 | 130724s1987 cu ac 000 0 spa d | ||
| 040 |
_aDO-SdBNP _bspa _cBNPHU |
||
| 100 | 1 |
_aGonzález, Rafael _924695 |
|
| 245 | 1 | 0 |
_aMolinos de viento / _cRafael González. |
| 260 |
_aLa Habana, Cuba : _bGente Nueva, _c1987. |
||
| 300 |
_a121 p. : _bil., retrs. ; _c20 cm. |
||
| 999 |
_c39329 _d39329 |
||